JOINT forest management : policy, practice and prospects

Bibliographic Details
Other Authors: Khare, Mayers
Format: Book
Published: New Delhi; London : World Wide Fund for Nature-India; International Institute for Environment and Development , 2000
Series:Policy that works for forests and people series, no. 3
Subjects:

MARC

LEADER 00000cam a2200000 7i4500
001 0000002446
005 20030623.0
090 0 0 |a 634.92   |b JOI 2000 
245 1 0 |a JOINT forest management :   |b policy, practice and prospects   |c Arvind Khare ... (et al.), editors James Mayers and Elaine Morrison 
260 0 0 |a New Delhi; London :   |b World Wide Fund for Nature-India; International Institute for Environment and Development ,   |c 2000 
300 |a xiv, 142 p. :   |b ill. (some col.) ;   |c 24 cm. 
440 0 0 |a Policy that works for forests and people series, no. 3 
500 0 0 |a Bibliography : p.131-135 
650 0 0 |a Forest management 
700 0 1 |a Khare   |h Arvind 
700 0 1 |a Mayers   |h James 
998 |a JPSM 
999 |a 0000004337   |b Monograph   |c Open Shelf   |e Default branch